Vista normal Vista MARC

Entrada Geographic Name

Número de registros utilizados en: 1

001 - CONTROL NUMBER

  • control field: 40577

003 - CONTROL NUMBER IDENTIFIER

  • control field: OSt

005 - DATE AND TIME OF LATEST TRANSACTION

  • control field: 20210916170655.0

008 - FIXED-LENGTH DATA ELEMENTS

  • fixed length control field: 210916|| aca||aabn | a|a d

040 ## - CATALOGING SOURCE

  • Original cataloging agency: OSt
  • Transcribing agency: OSt

151 ## - HEADING--GEOGRAPHIC NAME

  • Geographic name: Bogotá (Colombia)
  • General subdivision: Descripciones y viajes

670 ## - SOURCE DATA FOUND

  • Source citation: Work cat.: (OSt): Cochrane, Charles Stuart, autor 40576, De paso por Bogotá / , 2008